000
00184 a2200097 4500
020
_a
9789992235713
041
_a
spa
100
_a
Grupo Santillana
245
_a
Ortografia
942
_c
BK
999
_c
15611
_d
15611